No hi ha illes meravelloses / Lluís-Anton Baulenas ; pròleg de Santiago Sans
Descripción Física:
94 p. ; 18 cm
Colección:
Biblioteca teatral ; 77
Otros Autores:
Sans, Santiago, pr
MARC
| LEADER | 00000nam a2200000Ia 4500 | ||
|---|---|---|---|
| 001 | 9789 | ||
| 008 | 160829s1992 xx 000 0 cat d | ||
| 080 | |a L-1-262 | ||
| 100 | |a Baulenas, Lluis-Antón |9 571 | ||
| 245 | |a No hi ha illes meravelloses / Lluís-Anton Baulenas ; pròleg de Santiago Sans | ||
| 260 | |a Barcelona : |b Institut del Teatre, Diputació de Barcelona, |c 1992 | ||
| 300 | |a 94 p. ; |c 18 cm | ||
| 490 | |a Biblioteca teatral ; 77 | ||
| 700 | |a Sans, Santiago, pr. |9 30709 | ||
| 710 | 1 | |a Institut del Teatre (Barcelona, Catalunya) |9 52662 | |
| 901 | |a Arxiu | ||
| 942 | |n 1 | ||
| 952 | |0 0 |1 0 |4 0 |6 L1262 |7 1 |9 45496 |a Arxiu |b Arxiu |d 2016-12-01 |l 0 |o L-1-262 |p 9789 |r 2016-12-01 00:00:00 |w 2016-12-01 |y ARXIU | ||
| 999 | |c 48661 |d 48661 | ||